Regulación del autotransporte público (Registro nro. 1447)

Detalles MARC
000 -LEADER
fixed length control field 01505 a2200217 4500
001 - CONTROL NUMBER
control field 26223
005 - DATE AND TIME OF LATEST TRANSACTION
control field 20260407155543.0
008 - FIXED-LENGTH DATA ELEMENTS--GENERAL INFORMATION
fixed length control field 260407a2011 arg spa d
003 - CONTROL NUMBER IDENTIFIER
control field AR-UNSa-BCEJYS
040 ## - CATALOGING SOURCE
Original cataloging agency AR-UNSa-BCEJYS
Language of cataloging spa
Transcribing agency AR-UNSa-BCEJYS
080 ## - UNIVERSAL DECIMAL CLASSIFICATION NUMBER
Universal Decimal Classification number 338.47
Common auxiliary subdivision Economía del tráfico y las comunicaciones. Aspectos económicos de los medios de comunicación. Política de transporte
020 ## - INTERNATIONAL STANDARD BOOK NUMBER
International Standard Book Number 978-950-29-1353-7
100 1# - MAIN ENTRY--PERSONAL NAME
Personal name Müller, Alberto E.G.
245 10 - TITLE STATEMENT
Title Regulación del autotransporte público
Name of part/section of a work cuestiones teóricas y experiencias
264 #1 - PRODUCTION, PUBLICATION, DISTRIBUTION, MANUFACTURE, AND COPYRIGHT NOTICE
Place of production, publication, distribution, manufacture Buenos Aires :
Name of producer, publisher, distributor, manufacturer Universidad de Buenos Aires. Facultad de Ciencias Económicas
Date of production, publication, distribution, manufacture, or copyright notice 2011
300 ## - PHYSICAL DESCRIPTION
Extent 226 p.
Dimensions 20 cm.
505 ## - FORMATTED CONTENTS NOTE
Formatted contents note 1. Autotransporte colectivo urbano: porqué regular, porqué subsidiar - 2. Optimalidad en la oferta de autotransporte público en un área urbana: un modelo estilizado - 3. Del auto-ajuste al sistema subsidiado: notas para 50 años de historia del autotransporte de Buenos Aires - 4. El marco regulatorio del autotransporte público de pasajeros en la Argentina: prácticas y desarrollo del rol regulador del estado - 5. Los subsidios al autotransporte público de pasajeros: un aporte para un debate fundado - 6. Parecido pero diferente: la reforma regulatoria (trunca) del autotransporte interurbano.
590 ## - LOCAL NOTE (RLIN)
Local note niveau_biblio:m niveau_hierar:0
856 41 - ELECTRONIC LOCATION AND ACCESS
Uniform Resource Identifier <a href="https://biblioeco.unsa.edu.ar/pmb/images/libros/Regulaci?n del autotransporte p?blic-l119562.jpg">https://biblioeco.unsa.edu.ar/pmb/images/libros/Regulaci?n del autotransporte p?blic-l119562.jpg</a>
Link text Imagen de portada
Electronic format type image/jpeg
942 ## - ADDED ENTRY ELEMENTS (KOHA)
Koha item type
Existencias
Withdrawn status Lost status Damaged status Not for loan Home library Current library Shelving location Date acquired Total checkouts Full call number Barcode Date last seen Price effective from Koha item type
        Biblioteca Prof. Eusebio Cleto del Rey Biblioteca Prof. Eusebio Cleto del Rey   07/04/2026   338.47 M958 L119562 07/04/2026 07/04/2026 Libro